000 00432nam a2200169 a 4500
005 20140414132141.0
008 140201s19uu xx 00 eng d
020 _a9781904600060
050 _aM 794.1
_bCh36 2009
100 _aChandler, Murray
245 _aChess for children.
260 _aUK :
_bGamleit Publishing,
_cc2009.
300 _a110
650 _aChess for chlidren
700 _aMilligan, Helen
999 _c115355
_d115355